Statystyki dla Move Federation

Kliknij tutaj aby rozwiązać quiz!

Ogólne statystyki

  • Ten quiz został rozwiązany 54 razy
    (21 od ostatniego zresetowania)
  • Średni wynik to 31 z 60

Statystyki odpowiedzi

Nazwa DrużynyUczestnik% Poprawnych
Team BoxdelMichał "Boxdel" Baron
100%
Team CrusherKacper "Crusher" Błoński
94%
Team Natsu WorldNatalia "Natsu" Karczmarczyk
94%
Team GolaWojciech Gola
94%
Team XCezary "Czaro" Nykiel
88%
Team BoxdelDaniel "Ostry" Ostaszewski
88%
Team TrombaMateusz "Tromba" Trąbka
88%
Team BungeeDawid "Dzinold" Rzeźnik
81%
Team WKMichał "Owca" Owczarzak
81%
Team XMonika "Mona" Kociołek
81%
Team BungeePatryk "Bandura" Bandurski
81%
Team BoxdelSebastian "Czvjnik" Czajewski
81%
Team BungeeJakub "Merghani" Rokicki
75%
Team TrombaJakub "Patec" Patecki
75%
Team BoxdelKuba Ulfik
75%
Team Natsu WorldPaulina Hornik
75%
Team WKRobert "Robur" Orzechowski
75%
Team WKPaweł "Ponczek" Sikora
69%
Team GolaAdrian "Medusa" Salamon
63%
Team XPatrycja Mołczanow
63%
Team CrusherAdrian "Polak" Polański
56%
Team Gola (Anulowany Zawodnik)Jakub "Guzik" Szymański
56%
Team TrombaKuba Nowaczkiewicz
56%
Team GolaKuba "PNTCMZ Footbal" Żak
56%
Team BoxdelMaciej "Zwykły Kibic" Szymczak
56%
Team Natsu WorldSebastian "Wiśnia" Wiśniewski
56%
Team Gola (Anulowany Zawodnik)Amadeusz "Ferrari" Roślik
50%
Team TrombaBorys Ryskala
50%
Team CrusherCezary "Czarek Czaruje" Gołębiewski
50%
Team TrombaJakub "BRO" Birecki
50%
Team TrombaKamil "Kindly, Poczciwy Krzychu" Chwastek
50%
Team BoxdelKrzysztof "Justek" Justyński
50%
Team CrusherMaciej "Hiena" Turski
50%
Team Natsu WorldNikola "Młoda Nikola" Nowak
50%
Team GolaPaweł "Pablo Tybori" Tyburski
50%
Team GolaJakub "Kubańczyk" Flas
44%
Team XKlaudia Sadownik
44%
Team Tromba (Anulowany Zawodnik)Krystian "Macias" Maciaszczyk
44%
Team Natsu WorldPiotr "Pietras" Dominik
44%
Team CrusherAnzor Azhiev
38%
Team BungeeBartek "Mork" Konczyk
38%
Team BungeeDominik "Kaleson" Cybulski
38%
Team WKMateusz "Zakrzew" Zakrzewski
38%
Team Natsu WorldOskar "Boski Oski" Dąbrowski
38%
Team CrusherPiotr "Miejski Drwal" Szczurek
38%
Team GolaRafał Pasternak
38%
Team Gola Super HeroJakub "Kosa" Kosecki
31%
Team XBartek Szydlik
25%
Team XJakub " Kuba Tutu" Hrapkowicz
25%
Team BungeeMiłosz "Speedy" Marcinkowski
25%
Team X (Anulowany Zawodnik)Róża Wojtczak
25%
Team Boxdel Super HeroBartłomiej "Urbi" Urbański
19%
Team WKDamian Deja
19%
Team Crusher Super HeroMarcin "Bury" Burkhardt
13%
Team WKPaweł "Pawka" Janik
13%
Team WK Super HeroDaniel "Ciechan" Ciechański
6%
Team Bungee Super HeroGerard "Giero" Borun
6%
Team Natsu World Super HeroMaciej "Machal" Machalski
6%
Team X Super HeroMikołaj "Nojmi" Neuman
6%
Team Tromba Super HeroPatryk "Patryczek" Jakubczyk
6%

Rozkład punktacji

Percentyl według liczby udzielonych odpowiedzi

Procent ludzi z każdym wynikiem

Twoja historia wyników

Nie rozwiązałeś tego quizu od ostatniego zresetowania